MARC

LEADER 00000nam0a2200000 4500
001 353424
005 20231102010606.0
035 |a (RuTPU)RU\TPU\retro\10681 
035 |a RU\TPU\retro\10667 
090 |a 353424 
100 |a 20200424d1966 k y0rusy50 ca 
101 0 |a rus 
102 |a RU 
105 |a a z 001zy 
200 1 |a Методика изучения коллекторов и коллекторские свойства пород нефтегазоносных районов Сибири  |e [сборник статей]  |f Сибирский научно-исследовательский институт геологии, геофизики и минерального сырья (СНИИГГиМС) ; отв. ред. В. И. Будников 
210 |a Новосибирск  |c Изд-во СНИИГГиМС  |d 1966 
215 |a 169 с.  |c ил. 
225 1 |a Труды Сибирского научно-исследовательского института геологии, геофизики и минерального сырья (СНИИГГиМС)  |v Вып. 33 
225 1 |a Нефтяная геология 
320 |a Библиогр. в конце ст. 
606 1 |a Нефтегазовые пласты-коллекторы  |x Исследование  |2 stltpush  |3 (RuTPU)RU\TPU\subj\71974  |9 85623 
610 1 |a Западная Сибирь 
610 1 |a Западно-Сибирская низменность 
610 1 |a месторождения 
610 1 |a нефть 
610 1 |a газ 
610 1 |a трещинные коллекторы 
610 1 |a поровые коллекторы 
610 1 |a Кузбасс 
610 1 |a генетические типы 
610 1 |a коллекторские свойства 
610 1 |a тектоническая трещиноватость 
610 1 |a литологические типы 
675 |a 552.578.2.061.4.08  |v 4 
702 1 |a Будников  |b В. И.  |4 340 
712 0 2 |a Сибирский научно-исследовательский институт геологии, геофизики и минерального сырья (СНИИГГиМС)  |c (Новосибирск)  |2 stltpush  |3 (RuTPU)RU\TPU\col\322 
801 1 |a RU  |b 63413507  |c 20200422 
801 2 |a RU  |b 63413507  |c 20200424  |g RCR 
942 |c BK